00255nam a22000977a 450000500170000000800410001702000150005804000080007324500250008126000510010620200828155958.0200828b ||||| |||| 00| 0 eng d a0333501403 cCML aBicycle.cThomas, R. aHong KongbRon Thomas and Jan Stutchburyc1989